Central Library OPAC University of Rajshahi
Normal view MARC view

Entry Uniform Title

Number of records used in: 3

001 - CONTROL NUMBER

  • control field: 1162

003 - CONTROL NUMBER IDENTIFIER

  • control field: BD-RjUL

005 - DATE AND TIME OF LATEST TRANSACTION

  • control field: 20220206115815.0

008 - FIXED-LENGTH DATA ELEMENTS

  • fixed length control field: 220206|| aca||aabn | a|a d

040 ## - CATALOGING SOURCE

  • Original cataloging agency: BD-RjUL
  • Transcribing agency: BD-RjUL

130 ## - HEADING--UNIFORM TITLE

  • Uniform title: বাংলাদেশর জন-ইতিহাস গ্রন্থমালা

670 ## - SOURCE DATA FOUND

  • Source citation: Work cat.: (BD-RjUL)79326: রহমান, মোঃ মাহবুবর 717, আওয়ামী লীগের শাসনকাল ১৯৭২ -৭৫/